Ten years in the service of industry in Andhra Pradesh (Record no. 498088)

000 -LEADER
fixed length control field 00352cam a22001097a 4500
008 - FIXED-LENGTH DATA ELEMENTS--GENERAL INFORMATION
fixed length control field 180718b xxu||||| |||| 00| 0 eng d
082 ## - DEWEY DECIMAL CLASSIFICATION NUMBER
Classification number T4421x5451 An24
245 ## - TITLE STATEMENT
Title Ten years in the service of industry in Andhra Pradesh
Statement of responsibility, etc. by APSFC, Andhra Pradesh
260 ## - PUBLICATION, DISTRIBUTION, ETC.
Place of publication, distribution, etc. Hyderabad
Name of publisher, distributor, etc. Hyderabad Association Printer
Date of publication, distribution, etc.
300 ## - PHYSICAL DESCRIPTION
Extent 30p.
700 ## - ADDED ENTRY--PERSONAL NAME
Personal name Andhra Pradesh. APSFC
Holdings
Withdrawn status Lost status Damaged status Not for loan Permanent Location Current Location Date acquired Full call number Barcode Date last seen Price effective from Koha item type
        Indian Institute of Public Administration Indian Institute of Public Administration 2018-08-04 T4421x5451 An24 GG5283 2018-08-04 2018-08-04 GG

Powered by Koha